Svetový obchod – determinanty a konzekvencie jeho spomalenia bakalárska práca

Guardado en:
Detalles Bibliográficos
Autor principal: Mišiaková, Jana
Autor Corporativo: Obchodná fakulta EU. Katedra medzinárodného obchodu
Otros Autores: Bronček, Juraj
Formato: Libro
Lenguaje:eslovaco
Publicado: Bratislava 2018
Etiquetas: Agregar Etiqueta
Sin Etiquetas, Sea el primero en etiquetar este registro!

MARC

LEADER 00000nbm a2200000 4500
001 0245089
005 20180926143814.8
041 0 |a slo 
044 |a SK 
245 1 0 |a Svetový obchod – determinanty a konzekvencie jeho spomalenia  |b bakalárska práca  |c Jana Mišiaková ; školiteľ: Juraj Bronček 
264 1 |a Bratislava  |c 2018 
300 |a 53 s. 
100 1 |a Mišiaková, Jana 
700 1 |a Bronček, Juraj 
710 2 |a Obchodná fakulta EU. Katedra medzinárodného obchodu